00283nam a2200097Ia 4500008004000000082001700040100002100057245006000078260003900138300000800177210210b1968 xxu||||| |||| 00| 0 eng d a320.942 PELP aPELLING (Henry). aPopular politics and society in late victorian britain. aLondonbMacmillan & Co. Ltd.c1968 a188